00253nam a2200109 a 4500008004100000050001500041100001800056245003400074350000900108650001400117650001200131120416s9999 xx |||||||||||||| || u aGN 645 Glu aGluckman, Max10aCustom and conflict in Africa a0.00 aTEXTBOOKS aCULTURE